00675nam a2200193Ia 4500008004100000020001800041082001400059100004100073245003300114250000800147260007000155300003100225500001900256600003300275650001600308942000700324952013300331999001700464240925s9999 xx 000 0 und d a9780071755498 a519.5 SPI aSpiegel, Murray R; Stephen, Larry J 0aSchaum's Outlines Statistics a4th aNew Delhi:bMcGraw Hill Education (India) Private Limitedc,2007. axxiii, 1320p.b0fOriginal aIncludes Index aHumanities & Natural Science aMathematics cBK 001040708HUMaUITUbUITUd2018-12-27eBismillah BookDepotg1160.00l0o519.5 SPIpQ12728r2024-09-25 07:16:36w2024-09-25yBK c15227d15227